000 00601nam a2200169 i 4500
001 37197
003 ES-MaACL
007 t|
008 030220s1983 sp ||||1| spa d
100 1 _aBustamante García, Agustín.
_932874
245 1 3 _aLa arquitectura clasicista del foco vallisoletano
_b: (1561-1640) /
_cAgustín Bustamante García.
260 _aValladolid :
_bInstitutión Cultural Simancas,
_c1983.
300 _a823 p., 23 lám. ;
_c25 cm.
500 _aPremio de investigación 1981.
710 2 _aInstitución Cultural Simancas (Valladolid)
_94717
852 _aES-MaACL
_jL-4765
_bR.105104
999 _c37197
_d37197